Compendio de histología humana para estudiantes de medicina, odontología y ciencias naturales / (Record no. 140261)
[ view plain ]
| 000 -LEADER | |
|---|---|
| campo de control de longitud fija | 00746nam a2200193 i 4500 |
| 001 - NÚMERO DE CONTROL | |
| campo de control | 140261 |
| 003 - IDENTIFICADOR DE NÚMERO DE CONTROL | |
| campo de control | ES-MaACL |
| 005 - FECHA Y HORA DE LA ÚLTIMA TRANSACCIÓN | |
| campo de control | 20251002203815.0 |
| 007 - CAMPO FIJO DE DESCRIPCIÓN FÍSICA--INFORMACIÓN GENERAL | |
| campo de control de longitud fija | t| |
| 008 - DATOS DE LONGITUD FIJA--INFORMACIÓN GENERAL | |
| campo de control de longitud fija | 070214s1936 sp r ||||1| spa d |
| 100 1# - ENTRADA PRINCIPAL--NOMBRE DE PERSONA | |
| Nombre de persona | Schumacher-Marieufrid, S. |
| 9 (RLIN) | 104807 |
| 245 10 - MENCIÓN DEL TÍTULO | |
| Título | Compendio de histología humana para estudiantes de medicina, odontología y ciencias naturales / |
| Mención de responsabilidad, etc. | S. Schumacher-Marieufrid ; traducción de la 1 ª. edición alemana por E. Fernández Galiano. |
| 260 ## - PUBLICACIÓN, DISTRIBUCIÓN, ETC. | |
| Lugar de publicación, distribución, etc. | Barcelona : |
| Nombre del editor, distribuidor, etc. | [s.n.], |
| Fecha de publicación, distribución, etc. | 1936 ( |
| Fabricante | Talls. Gráf. Ibero-americanos) |
| 300 ## - DESCRIPCIÓN FÍSICA | |
| Extensión | X, 252 p. ; |
| Dimensiones | 24 cm. |
| 650 #4 - PUNTO DE ACCESO ADICIONAL DE MATERIA--TÉRMINO DE MATERIA | |
| Término de materia o nombre geográfico como elemento de entrada | Histología. |
| 9 (RLIN) | 164981 |
| 700 1# - ENTRADA AGREGADA--NOMBRE PERSONAL | |
| Nombre de persona | Fernández Galiano, Emilio, |
| Fechas asociadas al nombre | 1885-1953 |
| 9 (RLIN) | 49799 |
| 852 ## - LOCALIZACIÓN | |
| Ubicación | ES-MaACL |
| Número de control de estantería | A-5079 |
| Sublocalización o colección | R.17057 |
| Estatus retirado | Estado de pérdida | Estado de daño | No para préstamo | Biblioteca de origen | Biblioteca actual | Ubicación en estantería | Fecha de adquisición | Fuente de adquisición | Total de préstamos | Signatura topográfica completa | Código de barras | Visto por última vez | Precio de reemplazo | Tipo de ítem Koha |
|---|---|---|---|---|---|---|---|---|---|---|---|---|---|---|
| Biblioteca del Ateneo de Madrid | Biblioteca del Ateneo de Madrid | Sala Pecera Planta 1 | 17/01/2008 | A-5079 | 1145960 | 23/02/2023 | 23/02/2023 | Libro impreso |
